| 000 | 00512nam a22001697a 4500 | ||
|---|---|---|---|
| 005 | 20251108165223.0 | ||
| 008 | 250721s1990 xx 000 0 ara d | ||
| 082 | 1 | 4 | _a922.1/محم |
| 100 | 1 | _aالسقا، أحمد حجازي | |
| 245 | 1 | 0 | _aدفع الشبهات عن الشيخ محمد الغزالي / |
| 264 | 1 |
_aالقاهرة : _bمكتبة الكليات الأزهرية، _c1990. |
|
| 300 | _a238ص | ||
| 650 | 1 | 7 | _aالإسلام |
| 650 | 1 | 7 | _aالتراجم |
| 942 |
_2ddc _cBK |
||
| 999 |
_c22487 _d22487 |
||